| 000 | 00357pab a2200157 454500 | ||
|---|---|---|---|
| 008 | 180718b2002 xxu||||| |||| 00| 0 eng d | ||
| 100 | _aNarayanan, M.K. | ||
| 245 | _aNaxalism 2002: a complete picture | ||
| 260 | _c2002 | ||
| 300 | _ap.39-42. | ||
| 362 | _aOct-Dec | ||
| 650 | _aNaxalism | ||
| 650 | _aTerrorism | ||
| 773 | _aDialogue | ||
| 909 | _a54897 | ||
| 999 |
_c54897 _d54897 |
||